Bodenstein-Festband, (Record no. 9436)

MARC details
000 -LEADER
fixed length control field 00831cam a22002531 4500
001 - CONTROL NUMBER
control field agr31001051
003 - CONTROL NUMBER IDENTIFIER
control field DLC
005 - DATE AND TIME OF LATEST TRANSACTION
control field 20260227110951.0
008 - FIXED-LENGTH DATA ELEMENTS--GENERAL INFORMATION
fixed length control field 760421s1931 gw ac 010 0 ger
010 ## - LIBRARY OF CONGRESS CONTROL NUMBER
LC control number agr31001051
035 ## - SYSTEM CONTROL NUMBER
System control number (OCoLC)2129877
040 ## - CATALOGING SOURCE
Original cataloging agency DLC
Transcribing agency ScU
Modifying agency DLC
042 ## - AUTHENTICATION CODE
Authentication code premarc
050 00 - LIBRARY OF CONGRESS CALL NUMBER
Classification number QD3
Item number .D7
100 1# - MAIN ENTRY--PERSONAL NAME
Personal name Drucker, C.
Fuller form of name (Carl),
Dates associated with a name 1876-
Relator term ed.
245 00 - TITLE STATEMENT
Title Bodenstein-Festband,
Statement of responsibility, etc. hrsg. von C. Drucker, G. Joos [und] F. Simon.
260 ## - PUBLICATION, DISTRIBUTION, ETC.
Place of publication, distribution, etc. Leipzig,
Name of publisher, distributor, etc. Akademische Verlagsgesellschaft,
Date of publication, distribution, etc. 1931.
300 ## - PHYSICAL DESCRIPTION
Extent ix, 918 p.
Other physical details illus., port., diagrs.
Dimensions 24 cm.
500 ## - GENERAL NOTE
General note "Zeitschrift für physikalische Chemie ... Ergänzungsband."
504 ## - BIBLIOGRAPHY, ETC. NOTE
Bibliography, etc. note Bibliographical footnotes.
650 #0 - SUBJECT ADDED ENTRY--TOPICAL TERM
Topical term or geographic name entry element Chemistry.
600 10 - SUBJECT ADDED ENTRY--PERSONAL NAME
Personal name Bodenstein, Max,
Dates associated with a name 1871-1942.
730 0# - ADDED ENTRY--UNIFORM TITLE
Uniform title Zeitschrift für physikalische Chemie. Supplement

No items available.

Powered by Koha